[Event "Festival Primavera Cattolica 2022"]
[Site "Cattolica"]
[Date "2022.03.18"]
[Round "4.8"]
[White "Begmuratov, Khumoyun"]
[Black "Davtyan, Artur"]
[Result "0-1"]
[WhiteElo "2358"]
[BlackElo "2460"]
[Annotator "TA"]
[PlyCount "110"]
[EventDate "2022.03.16"]
[EventType "swiss"]
[EventCountry "ITA"]
[SourceTitle "playchess.com"]
[Source "ChessBase"]
[SourceQuality "1"]

{[%evp 9,110,26,38,-13,0,0,1,-4,-6,-10,0,-33,0,0,20,-1,7,-49,-38,-28,-28,-48,-40,-74,-68,-66,-30,-39,-40,-38,-37,-41,-27,-28,-32,-90,-100,-87,-95,-130,-157,-173,-173,-186,-41,-37,-18,-20,0,0,0,-184,-170,-177,-184,-200,-193,-212,-206,-228,-237,-239,-238,-247,-250,-254,-253,-248,-248,-229,-215,-236,-231,-300,-281,-291,-291,-313,-297,-491,-484,-515,-487,-4578,-1975,-29969,-1501,-29988,-29982,-29989,-29990,-29991,-29988,-29988,-29989,-29989,-29988,-29988,-29987,-29987,-29988,-29989,-29990]} 1. e4 e5 2. Nf3 Nc6 3. Bb5 a6 4. Ba4 Nge7 5. O-O g6 6. c4 {C60: Ruy Lopez: Unusual Black 3rd moves and 3...g6.} ({White should play} 6. c3 $14) 6... Bg7 $11 7. Nc3 O-O 8. d3 {The position is equal.} d6 9. h3 f5 10. Bd2 h6 ({Black should try} 10... Nd4 $15) 11. Nd5 {[#]} Be6 $146 ({Predecessor:} 11... g5 12. Nxg5 Nxd5 13. cxd5 Nd4 14. Nf3 Nxf3+ 15. Qxf3 fxe4 16. Qxe4 Bf5 17. Qe3 Rf6 18. f4 Qe7 19. Bc3 Rg6 20. fxe5 Qg5 21. Qxg5 Rxg5 22. h4 Rh5 23. Bd1 {1-0 (23) Nasuta,G (2561)-Bacrot,A (2250) Cannes 2020}) 12. Rc1 g5 13. Ne1 (13. Re1 $11) 13... Nd4 14. Nc2 Nec6 {[%cal Be7c6,Bc6d4,Bd4f5,Bf5e3][%mdl 32]} 15. Nxd4 Nxd4 16. Ba5 Rc8 17. exf5 Nxf5 (17... Bxf5 {seems wilder.} 18. f3 Kh7 19. Ne3 Be6 20. Nc2 Nf5) 18. Ne3 Nxe3 19. fxe3 Rxf1+ 20. Qxf1 g4 21. hxg4 Qg5 {[%cal Oe5e4]} 22. Bd2 (22. Qe1 $15) 22... Rf8 $17 23. Qe1 e4 $1 ({But not} 23... Bxg4 $6 24. e4 Qg6 25. Qg3 $11) 24. d4 Bxg4 {...Bf3 is the strong threat. Black is much more active.} ({Weaker is} 24... Qxg4 25. d5 Bf5 26. Bc3 $15) 25. Qg3 {[#] Inhibits Bf3.} c5 $1 26. Qxd6 {[#]} cxd4 ({Better is} 26... Rd8 $1 $19 {[%cal Rd8d6]} 27. Qg3 cxd4) 27. Qd5+ $15 Qxd5 28. cxd5 Be5 29. Bb3 Bg3 {aiming for ...Bf2+.} 30. Be1 {Inhibits Bf2+. White is on the road to losing.} (30. d6+ $11 Kg7 31. exd4 (31. Rc7+ Kg6 $17)) 30... Bxe1 $19 31. Rxe1 {[%mdl 4096] Endgame KRB-KRB} d3 32. Rc1 d2 33. d6+ Kg7 34. Rc4 d1=Q+ 35. Bxd1 Bxd1 36. Rxe4 {KRB-KR} Rd8 37. Re7+ Kf6 38. Rxb7 Rxd6 39. Kf2 Ba4 40. Kg3 Ke5 41. Re7+ Re6 42. Rg7 Bc6 43. Kh4 Kf6 {[%csl LRe3,LRg7]} 44. Ra7 (44. Rg4) 44... Bxg2 45. Kh5 Ke5 46. b4 (46. Kh4 $142) 46... Ke4 47. a4 Kxe3 (47... Bf3+ $142 48. Kh4 Kxe3 49. Rd7 Re4+ 50. Kg3 Rg4+ 51. Kh3 Rxb4 52. Rh7 Kf2 53. Rg7 Rxa4 54. Rg6 a5 55. Rg8 Re4 56. Rg3 a4 57. Kh2 Rh4+ 58. Rh3 Rxh3+ 59. Kxh3 a3 60. Kh2 a2 61. Kh3 a1=Q 62. Kh4 Qh1#) 48. b5 Bf3+ {Black mates.} 49. Kh4 Kf2 50. Rf7 Re5 {[%csl Gf3][%cal Re5h5]} 51. Rxf3+ Kxf3 52. b6 a5 53. b7 Re4+ 54. Kh5 Rb4 55. b8=Q Rxb8 {Weighted Error Value: White=0.72/Black=0.26 (precise)} 0-1

[Event "Festival Primavera Cattolica 2022"]
[Site "Cattolica"]
[Date "2022.03.18"]
[Round "4.9"]
[White "Park, Evan"]
[Black "Koellner, Ruben Gideon"]
[Result "1-0"]
[WhiteElo "2296"]
[BlackElo "2441"]
[Annotator "TA"]
[PlyCount "115"]
[EventDate "2022.03.16"]
[EventType "swiss"]
[EventCountry "ITA"]
[SourceTitle "playchess.com"]
[Source "ChessBase"]
[SourceQuality "1"]

{[%evp 10,115,24,25,27,32,50,33,34,40,48,46,43,37,64,55,52,58,60,58,69,74,85,83,70,65,95,75,94,87,117,85,90,104,220,214,200,152,143,156,225,91,72,79,105,99,94,98,175,151,218,224,245,249,212,208,338,333,644,637,1383,1210,1407,1308,1592,1112,964,757,741,718,1346,1003,1412,1318,1328,945,1602,1604,1567,1500,1474,1467,29966,29967,29966,29967,29966,29967,29967,29968,29968,29968,29968,29969,29969,29970,29971,29970,29976,29977,29981,29982,29982,29983,29983,29984,29986,29985]} 1. e4 d6 2. d4 Nf6 3. Nc3 e5 4. Nf3 Nbd7 5. Bc4 Be7 6. O-O {[%cal Oc4f7]} Nb6 {C41: Philidor Defence.} 7. Bd3 exd4 8. Nxd4 O-O {White is slightly better.} 9. a4 a5 10. Re1 Re8 {[#]} 11. b3 $146 ({Predecessor:} 11. Bf1 Nfd7 12. Ndb5 Ne5 13. b3 c6 14. Nd4 Bf6 15. f4 Ng6 16. Be3 d5 17. e5 {1-0 (33) Merario Alarcon,A (2395)-Espinosa Aranda,A (2506) Linares 2020}) 11... Nfd7 12. Bf1 {White is much more active.} Bf6 13. Be3 Nc5 14. f3 c6 15. Qd2 Na6 16. Qf2 {[%cal Od4c6]} Nd7 17. Rad1 Nb4 18. Rd2 Ne5 19. Red1 Qe7 20. Nde2 Be6 21. h3 g5 (21... Nd7 $16) 22. Rxd6 $18 Nxc2 23. Bc5 {[%cal Od6d5] And now R6d5! would win.} b6 24. Bxb6 {Black must now prevent Bc5.} Nd7 {[#]} (24... Nb4 $16 25. Bc5 Na6) 25. Rxc6 (25. Rxd7 $1 $18 {[%mdl 512] has better winning chances.} Bxd7 26. Bc5) 25... Nxb6 $16 26. Rxb6 {aiming for Rd2.} ({Much worse is} 26. Qxb6 Reb8 27. Qf2 Nb4 $11) 26... Rad8 {To avoid Rd2} 27. Rb5 Rxd1 28. Nxd1 {[%cal Bc3d1,Bd1e3,Be3g4][%mdl 32]} Rd8 (28... Na3 $16 {keeps fighting.}) 29. Ne3 Nd4 {[#]} (29... Qc7 $16) 30. e5 $1 $18 ({Much less strong is} 30. Rxa5 $6 Nxb3 31. Rb5 Qa3 $16) 30... Nxb5 31. exf6 Qxf6 32. axb5 Bxb3 (32... h5 {was worth a try.} 33. Ng3 Bxb3 34. Nxh5 Qd4) 33. Ng4 Qg6 (33... Qd6 34. Qe3 a4 35. Qxg5+ Kh8) 34. Nd4 {[%cal Od4f5]} a4 35. Nc6 {Ne7+ is the strong threat.} Re8 {To avoid Ne7+} 36. Qd4 Re1 {[#]} 37. Ne7+ $1 {[%mdl 512]} Rxe7 38. Qd8+ Kg7 39. Qxe7 h5 40. Qe5+ f6 41. Qc7+ Qf7 {[#]} 42. b6 $1 {Hoping for Qxf7+.} a3 (42... Qxc7 43. bxc7) 43. Qxf7+ Bxf7 44. Ne3 {White threatens b7 and mate.} a2 45. Nc2 {Na1 would kill now.} Bb3 46. Na1 {White mates.} Bd5 47. Ba6 Kf7 48. b7 Bxb7 49. Bxb7 Ke6 50. Be4 Ke5 51. Bc2 Kd4 52. Bb3 Kc3 53. Bxa2 Kb2 54. Bf7 Kxa1 55. Bxh5 Kb2 56. Kf2 Kc3 57. Ke3 f5 58. g3 {Weighted Error Value: White=0.11 (very precise) /Black=0.51} 1-0

[Event "Festival Primavera Cattolica 2022"]
[Site "Cattolica"]
[Date "2022.03.18"]
[Round "4.10"]
[White "Czerw, Dawid"]
[Black "Paduano, Claudio"]
[Result "1-0"]
[WhiteElo "2398"]
[BlackElo "2114"]
[Annotator "TA"]
[PlyCount "71"]
[EventDate "2022.03.16"]
[EventType "swiss"]
[EventCountry "ITA"]
[SourceTitle "playchess.com"]
[Source "ChessBase"]
[SourceQuality "1"]

{[%evp 16,71,12,0,7,10,10,20,53,57,57,57,54,49,65,61,68,16,14,18,27,-14,52,56,59,52,106,102,107,-61,-72,-107,-20,-69,-60,-55,-56,-30,197,186,251,241,420,422,431,407,433,425,425,424,566,417,433,410,403,364,364,351]} 1. e4 c5 2. Nf3 {[%cal Bg1f3,Bf3d4,Bd4b5][%mdl 32]} Nc6 3. d4 cxd4 4. Nxd4 Nf6 5. Nc3 e5 6. Ndb5 d6 7. Nd5 Nxd5 8. exd5 Nb8 9. Qf3 Be7 {B33: Sicilian: Pelikan and Sveshnikov Variations.} 10. Qc3 {Black must now prevent Nc7+.} Na6 {Inhibits Nc7+.} 11. Be3 Bf5 {The position is equal.} 12. Nxa7 {[#]} Nc5 $146 ({Predecessor:} 12... Nc7 13. Qb3 O-O 14. Be2 Be4 15. c4 Bxg2 16. Rg1 Be4 17. Qxb7 Rb8 18. Qc6 Ne6 {0-1 (32) Massironi,M (2112)-Salvador,R (2397) Milan 2005}) 13. Bxc5 dxc5 14. Nb5 ({But not} 14. Qxe5 Bxc2 15. d6 Qxd6 16. Qxd6 Bxd6 $15) 14... O-O 15. Bc4 e4 16. Qe3 (16. Qb3 $14) 16... Bg5 $11 17. Qe2 Qf6 18. c3 (18. O-O {is more appropriate.}) 18... Bf4 (18... Rae8 $11) 19. g3 $14 Bh6 20. O-O Bh3 ({Black should play} 20... Rae8 $1 $14) 21. Rfe1 $16 Rae8 22. f4 $2 {Inhibits Re5.} (22. d6 $16) 22... exf3 $15 23. Qf2 {[#]} (23. Qxe8 $2 {gets mated.} f2+ 24. Kh1 Qf3#) 23... Bg4 (23... Bg5 $1 $17 {...h5 is the strong threat.} 24. d6 Bd7) 24. Bf1 (24. d6 $11) 24... Re5 (24... Bg5 $5 {[%cal Rf6h6]} 25. h3 Bd7 $15) 25. h3 $1 Bh5 26. d6 {[%cal Bd5d6,Bd6d7][%mdl 32]} Rfe8 $2 {Loses the game.} (26... Rd5 $1 $11 {and Black has nothing to worry.} 27. Rad1 Rxd1 28. Rxd1 {[#]} Be3 $1 29. Qxe3 f2+ 30. Qxf2 Qxf2+ 31. Kxf2 Bxd1) 27. d7 $18 Rd8 (27... Rf8 $142 28. Bc4 Qf5) 28. Qxc5 $40 {[%mdl 128] White attacks with force.} Re6 (28... Be3+ $2 29. Rxe3 (29. Qxe3 Rxe3 30. Rxe3 Kf8 $17) 29... Rxe3 30. Qxe3 $18) (28... f2+ {might work better.} 29. Qxf2 Qxf2+ 30. Kxf2 f6 31. Bc4+ Kf8) 29. Rxe6 {Intending Re8+ and mate. The board is on fire.} Qxe6 30. Qxh5 Qe3+ 31. Kh1 Rxd7 32. Nd4 f2 33. Qe2 Re7 34. Qxe3 Rxe3 35. Kg2 Re1 36. Nc2 {Weighted Error Value: White=0.22 (precise) /Black=0.45} 1-0

[Event "Festival Primavera Cattolica 2022"]
[Site "Cattolica"]
[Date "2022.03.18"]
[Round "5.1"]
[White "Basso, Pier Luigi"]
[Black "Jobava, Baadur"]
[Result "1/2-1/2"]
[WhiteElo "2600"]
[BlackElo "2588"]
[Annotator "TA"]
[PlyCount "38"]
[EventDate "2022.03.16"]
[EventType "swiss"]
[EventCountry "ITA"]
[SourceTitle "playchess.com"]
[Source "ChessBase"]
[SourceQuality "1"]

{[%evp 11,21,13,8,10,12,9,9,8,12,11,13,14]} 1. d4 d5 2. c4 c6 3. Nf3 Nf6 4. e3 Bf5 5. Nc3 e6 6. Be2 h6 {The position is equal.} 7. Bd3 {D12: Slav Defence: 3 Nf3 Nf6 4 e3 Bf5.} Bxd3 8. Qxd3 Nbd7 9. O-O Be7 10. b3 O-O 11. Bb2 {[#] An uneventful encounter.  Weighted Error Value: White=0.00 (flawless) /Black=0.00 (flawless)} {Predecessor:} Bd6 $146 12. c5 Bc7 13. Na4 Qe7 14. b4 e5 15. dxe5 Nxe5 16. Bxe5 Bxe5 17. Rab1 a6 18. Nc3 Rae8 19. a4 Ne4 {1-0 (43) Obregon,C (2525)-Zarubitski,V (2448) Chess.com INT 2021} 1/2-1/2

[Event "Festival Primavera Cattolica 2022"]
[Site "Cattolica"]
[Date "2022.03.18"]
[Round "5.2"]
[White "Bernadskiy, Vitaliy"]
[Black "Bosiocic, Marin"]
[Result "1-0"]
[WhiteElo "2601"]
[BlackElo "2522"]
[Annotator "TA"]
[PlyCount "61"]
[EventDate "2022.03.16"]
[EventType "swiss"]
[EventCountry "ITA"]
[SourceTitle "playchess.com"]
[Source "ChessBase"]
[SourceQuality "1"]

{[%evp 9,61,0,14,5,25,10,10,12,19,10,11,0,0,-26,0,-16,0,0,0,-6,-4,0,-9,-47,-17,-17,-24,-98,-23,-19,-9,-43,-11,-18,13,0,24,12,303,314,404,404,382,416,607,508,1230,605,770,754,725,729,729,690]} 1. e4 c5 2. Nf3 Nc6 3. Bb5 e6 4. O-O Nge7 5. c4 a6 6. Ba4 {B30: Sicilian: 2...Nc6 3 Bb5, lines without ...g6.} Rb8 {[#]} 7. d4 $146 {Strongly threatening Bf4.} ({Predecessor:} 7. Nc3 Qc7 8. Re1 Nd4 9. d3 Ng6 10. Nxd4 cxd4 11. Ne2 e5 12. Bd2 Be7 13. Rf1 {1-0 (40) Kapengut,A (2450)-Sehovic,G Pula 1990}) 7... b5 8. Bb3 {The position is equal.} Nxd4 9. Nxd4 cxd4 10. Qxd4 Nc6 11. Qd1 Qh4 12. Nd2 Ne5 (12... Bd6 13. Nf3 Qe7 14. cxb5 Rxb5 15. Ba4 $14) 13. cxb5 axb5 14. Bc2 Bd6 15. g3 Qe7 16. b3 h5 17. Bb2 h4 18. f4 (18. Nf3 $11 {keeps the balance.} Nxf3+ 19. Qxf3) 18... Bc5+ ({Black should try} 18... Ng6 $1 $17 19. Nf3 (19. Bxg7 Rg8 $17) 19... Bb7) 19. Kg2 $11 Ng6 20. Qg4 (20. Bxg7 $2 Rh7 21. Be5 {[#]} hxg3 $1 22. hxg3 (22. Bxb8 Rxh2+ 23. Kf3 Qh4 24. f5 Qh5+ 25. Kxg3 Qh3#) 22... Nh4+ $1 {[%mdl 512]} 23. gxh4 Qxh4 $1 $19) 20... Bb7 21. Nf3 (21. Bxg7 $2 Rg8 22. Bb2 Be3 $19) 21... d5 22. Rae1 $36 {[%mdl 2048] And now f5 would win. White has the initiative. Active counter play!} dxe4 23. Bxe4 Bxe4 {[%mdl 8192] Loses the game.} (23... Kf8 $1 $11 {and Black is okay.}) 24. Rxe4 $18 Qb7 25. f5 h3+ 26. Kh1 Ne7 (26... Qd5 $142 27. Rfe1 (27. fxe6 O-O $16) 27... Be7) 27. fxe6 {White is clearly winning.} fxe6 (27... f5 $142 28. Qxg7 Rf8) 28. Rxe6 (28. Ng5 $142 Bd6 29. Nxe6) 28... Rd8 29. Bxg7 Rg8 30. Qh5+ Kd7 {[#]} 31. Qxh3 $1 {Weighted Error Value: White=0.35/Black=0.47} 1-0

[Event "Festival Primavera Cattolica 2022"]
[Site "Cattolica"]
[Date "2022.03.18"]
[Round "5.3"]
[White "Davtyan, Artur"]
[Black "Azarov, Sergei"]
[Result "1-0"]
[WhiteElo "2460"]
[BlackElo "2600"]
[Annotator "TA"]
[PlyCount "61"]
[EventDate "2022.03.16"]
[EventType "swiss"]
[EventCountry "ITA"]
[SourceTitle "playchess.com"]
[Source "ChessBase"]
[SourceQuality "1"]

{[%evp 9,61,12,43,37,35,40,43,31,34,39,32,28,29,19,36,27,22,22,21,27,17,12,33,16,24,30,85,62,116,131,117,112,91,43,154,156,191,215,206,195,356,361,565,397,563,525,535,515,526,527,742,760,730,710]} 1. d4 Nf6 2. c4 e6 3. Nf3 d5 4. Nc3 dxc4 5. e4 {[%cal Be2e4,Be4e5][%mdl 32]} b5 (5... Bb4 $5 {[%cal Rf6e4]}) 6. e5 {D24: Queen's Gambit Accepted: 3 Nf3 Nf6 4 Nc3.} Nd5 7. Nxb5 Nb6 8. Be2 {White is slightly better.} Nc6 9. O-O Be7 10. Be3 {10.Qd2 deserves study.} O-O 11. Nc3 {[%cal Bb5c3,Bc3e4,Be4g5][%mdl 32]} Rb8 12. b3 cxb3 13. axb3 Bb7 14. Qb1 Nb4 15. Ne4 {[#]} a6 $146 ({Predecessor:} 15... N6d5 16. Bd2 a5 17. Rc1 Ra8 18. Neg5 g6 19. h4 Qd7 20. h5 h6 21. Ne4 g5 {½-½ (33) Wang,J (2312)-Tabatabaei,M (2629) Chess.com INT 2020}) 16. Neg5 {[%csl Gg5][%cal Rb1h7]} g6 17. Rc1 Bc6 (17... c5 $11) 18. h4 {[%cal Bh2h4,Bh4h5,Bh5g6,Bg6h7][%mdl 32]} ({Don't play} 18. Bxa6 $6 Ra8 19. Bf1 Rxa1 20. Qxa1 h6 $11) 18... Bb5 (18... Bxf3 $14 19. Bxf3 N4d5) 19. Bxb5 $16 axb5 20. h5 {Hoping for hxg6.} Qd7 21. Qe4 (21. Ne4 $16) 21... N4d5 {[#] Inhibits Nf6.} (21... h6 $1 $14) 22. Qh4 $1 {White wants to mate with hxg6. White is more active.} Bd8 (22... h6 $2 {[#]} 23. hxg6 $1 Bxg5 24. Nxg5 fxg6 25. Qxh6 $18) 23. Qh3 $40 {[%cal Og5h7][%mdl 128] Black must now prevent Nxh7! White goes for the king.} Bxg5 24. Nxg5 {[%cal Bf3g5,Bg5e6,Be6g5][%mdl 32]} ({Resist} 24. Bxg5 $6 b4 $16) 24... f5 $2 (24... f6) 25. hxg6 $18 f4 (25... hxg6 {keeps fighting.} 26. Qh6 Rf7) 26. Bd2 Rf5 (26... hxg6 $142 27. Qh6 Rfe8 28. Qxg6+ Qg7 29. Qxg7+ Kxg7) 27. Qxh7+ {White is clearly winning.} Qxh7 28. gxh7+ Kh8 29. Nxe6 f3 30. g4 Rf7 31. Ng5 {Weighted Error Value: White=0.13 (very precise) /Black=0.38} 1-0

[Event "Festival Primavera Cattolica 2022"]
[Site "Cattolica"]
[Date "2022.03.18"]
[Round "5.4"]
[White "Dardha, Daniel"]
[Black "Czerw, Dawid"]
[Result "1-0"]
[WhiteElo "2541"]
[BlackElo "2398"]
[Annotator "TA"]
[PlyCount "79"]
[EventDate "2022.03.16"]
[EventType "swiss"]
[EventCountry "ITA"]
[SourceTitle "playchess.com"]
[Source "ChessBase"]
[SourceQuality "1"]

{[%evp 9,79,0,18,25,7,23,22,9,42,39,47,58,31,45,109,56,131,129,131,120,120,110,120,111,120,99,108,106,148,148,148,147,146,144,161,155,163,153,207,198,223,227,231,241,329,333,427,437,683,663,670,656,768,742,1072,1063,992,901,901,888,887,837,1962,2136,5115,3796,29980,29981,29987,29988,29988,29989]} 1. d4 Nf6 2. c4 e6 3. g3 d5 4. Bg2 Bb4+ 5. Bd2 Bd6 6. Nf3 {E01: Catalan: Early deviations.} O-O 7. O-O c6 8. b3 {[#] The position is equal.} dxc4 $146 ({Predecessor:} 8... Ne4 9. Bf4 Bxf4 10. gxf4 Nd7 11. Qc2 b6 12. Nc3 f5 {½-½ (12) Cordova,E (2637)-Quesada Perez,Y (2638) Villahermosa 2016}) 9. bxc4 c5 10. e3 Nc6 11. Bc3 Qc7 {[#]} (11... Be7 $14) 12. Nbd2 (12. d5 $1 $16 {[%cal Rd5c6]} exd5 13. cxd5) 12... e5 (12... Be7 $14) 13. d5 $16 Ne7 14. a4 Bd7 15. Qc2 Rab8 16. e4 Ne8 17. Qb2 {[%cal Rf3e5]} f6 18. Ne1 {[%cal Bf3e1,Be1c2,Bc2e3][%mdl 32]} g5 ({Black should play} 18... Ng6) 19. Nc2 Ng6 20. Ne3 Ng7 21. Qc2 h5 22. Qd1 Qc8 23. Bf3 {[%cal Bg2f3,Bf3e2,Be2d3][%mdl 32]} g4 (23... Kf7 $16 {was necessary.} 24. Bxh5 Nxh5) 24. Be2 $18 f5 25. exf5 Nxf5 26. Bd3 Kg7 27. Ne4 Be7 28. Nxf5+ Bxf5 (28... Rxf5 $142 29. Nd2 Kh6 30. Bxf5 Bxf5) 29. f4 gxf3 30. Qxf3 h4 31. Qh5 Qd7 {[#]} 32. Nf6 $1 {[%mdl 512]} Bxf6 33. Bxf5 Qe8 34. Be4 hxg3 35. hxg3 Rh8 36. Qg4 {[%cal Of1f6] Threatening mate with Rxf6!} Rh6 37. Bd2 {This bishop pair is nice.} Rh8 38. Bg5 {White mates.} Bxg5 39. Qxg5 Rh6 40. Rf6 {Black did not feel at home in the position after the opening.  Weighted Error Value: White=0.05 (flawless) /Black=0.53} 1-0

[Event "Festival Primavera Cattolica 2022"]
[Site "Cattolica"]
[Date "2022.03.18"]
[Round "5.5"]
[White "Dvirnyy, Danyyil"]
[Black "Hjartarson, Johann"]
[Result "1/2-1/2"]
[WhiteElo "2496"]
[BlackElo "2470"]
[Annotator "TA"]
[PlyCount "114"]
[EventDate "2022.03.16"]
[EventType "swiss"]
[EventCountry "ITA"]
[SourceTitle "playchess.com"]
[Source "ChessBase"]
[SourceQuality "1"]

{[%evp 11,114,29,50,37,67,35,58,34,27,27,35,0,10,-26,55,0,-13,-54,-55,-77,-77,-75,-70,-70,-65,-49,-31,-31,-31,-31,-31,-33,-33,-33,-36,-82,-33,-174,-64,-66,-22,-44,-43,-46,-8,-8,-8,-8,-8,-8,-8,-8,-8,-8,-8,-14,-8,-8,-8,-8,-8,-8,-8,-8,-8,-8,-8,-8,0,-8,0,0,0,0,0,0,0,-8,0,0,0,0,0,0,0,-200,-200,-200,-200,-200,-200,-200,-200,-200,-200,-200,-200,-200,-200,-200,-200,-200,-200,-200,-200]} 1. e4 g6 2. d4 Bg7 3. Nc3 d6 4. Be3 a6 5. Qd2 b5 6. O-O-O Nd7 7. h4 {B06: Modern Defence.} Ngf6 8. f3 {[%cal Oe4e5] White is more active.} (8. e5 $5 {[%cal Re5f6]} Ng4 9. h5 $14) 8... h6 $1 {[%mdl 4] is now more promising than 8...Bb7.} 9. g4 {White is slightly better.} Nb6 $1 10. Nh3 {[%cal Oh4h5]} h5 11. g5 (11. e5 {feels hotter.} b4 12. exf6 bxc3 13. Qxc3 Bxf6 14. gxh5 Rxh5 15. Bg5) 11... Nfd7 {[#]} 12. f4 $146 ({Predecessor:} 12. Rg1 Bb7 13. Nf4 Rc8 14. Kb1 c5 15. dxc5 Nxc5 16. Nfd5 Bxd5 17. Nxd5 Nxd5 18. Qxd5 {0-1 (32) Schelle,A (2237)-Maiwald,J (2474) Wunsiedel 2014}) 12... Bb7 (12... b4 $1 $11 13. Nb1 (13. Nd5 Nxd5 14. exd5 Nb6 $15) 13... Bb7) 13. Nf2 (13. f5 $14) 13... b4 14. Nb1 (14. Ne2 $1 $11 {was preferrable.}) 14... c5 $15 15. dxc5 dxc5 16. Rh3 Qc7 17. c4 O-O 18. e5 Rfd8 {[%cal Od7e5]} 19. Qc2 {[%cal Oe5e6]} Nf8 20. Bd3 Ne6 {...Nd4 is the strong threat.} 21. Be4 Rxd1+ 22. Kxd1 Rd8+ 23. Kc1 (23. Nd2 $1 $15 {is superior.}) 23... a5 (23... Bxe4 $17 24. Qxe4 a5) 24. a4 ({White should play} 24. Nd2 $15) 24... bxa3 ({Better is} 24... Bxe4 $19 25. Nxe4 Qd7) 25. Nxa3 Ba6 (25... Bxe4 $15 26. Nxe4 Qc8) 26. Rh1 Nd4 27. Bxd4 Rxd4 28. Rd1 $1 Qd7 (28... Bxc4 $2 29. Rxd4 cxd4 30. Bd3 $18) 29. Rxd4 Qxd4 30. Qd2 $1 {aiming for Qxd4.} Bxc4 (30... Nxc4 $2 31. Qxd4 cxd4 32. Bd3 $18) 31. Qxd4 cxd4 32. Nxc4 Nxc4 $11 {[%mdl 4096] Endgame KBN-KBN} 33. Kc2 e6 34. Nd1 {[#]} Nxe5 $1 35. fxe5 Bxe5 {Threatens to win with ...Bg3.} 36. Nf2 $1 Bg3 {[%csl LRf2,LRh4]} 37. Nh3 Bxh4 38. Kd3 e5 39. Bc6 f5 40. gxf6 Kf7 41. Ke4 Kxf6 {White must now prevent ...g5.} 42. Be8 Bg3 43. Ng1 h4 44. b3 g5 {Hoping for ...g4.} 45. Bh5 Ke6 46. Nf3 Bf4 47. Bg4+ Kd6 48. Nxd4 $2 exd4 $19 {Black is clearly better.} 49. Kxd4 $11 {KB-KB} Kc6 $1 50. Ke4 Kc5 51. Kf3 {[#]} Kb4 $1 52. Be6 {[#]} h3 $1 {[%cal Bh4h3,Bh3h2][%mdl 32]} 53. Kf2 Kc3 54. Kf3 Bd6 55. Kf2 g4 56. Bxg4 h2 57. Kg2 Kxb3 {Weighted Error Value: White=0.16 (very precise) /Black=0.10 (very precise)} 1/2-1/2